000 00375nam a22001337a 4500
005 20140319020007.0
008 140203b xxu||||| |||| 00| 0 eng d
050 _aBX2215.2
_bL523213
100 _aDollen, Charles
_97707
245 _aThe holy eucharist
_cDollen, Charles
260 _aNew York
_bAlba House
_c1994
300 _axi, 148p.;
_c21cm.
942 _2lcc
_cMONOGRAPH
_02
999 _c119880
_d119880